Public sector accounting and financial control (Record no. 55327)

MARC details
000 -LEADER
fixed length control field 00537nam a2200145 a 4500
008 - FIXED-LENGTH DATA ELEMENTS--GENERAL INFORMATION
fixed length control field 120416s1983 ||||||||||||||||| || u
020 ## - INTERNATIONAL STANDARD BOOK NUMBER
International Standard Book Number 0442305435
050 ## - LIBRARY OF CONGRESS CALL NUMBER
Classification number HJ 9925.G7 Pub
100 ## - MAIN ENTRY--PERSONAL NAME
Personal name Henley, Douglas, sir
245 10 - TITLE STATEMENT
Title Public sector accounting and financial control
260 ## - PUBLICATION, DISTRIBUTION, ETC.
Place of publication, distribution, etc. Berkshire, Eng.
Name of publisher, distributor, etc. Van Nostrand
Date of publication, distribution, etc. 1983
300 ## - PHYSICAL DESCRIPTION
Extent xiv, 251p. : ill.
350 ## - PRICE (NR) (BK AM CF MU VM SE) [OBSOLETE]
Price 0.00
995 ## - RECOMMENDATION 995 [LOCAL, UNIMARC FRANCE]
-- 0.00
-- CBU-MAIN LIBRARY (Kitwe)
-- 1
-- 9.50
-- 1
-- AVAILABLE
-- Annex Low-Usage Collection
Holdings
Withdrawn status Lost status Source of classification or shelving scheme Damaged status Not for loan Home library Current library Shelving location Date acquired Total Checkouts Full call number Barcode Date last seen Price effective from Koha item type
          CBU-MAIN LIBRARY, KITWE. CBU-MAIN LIBRARY, KITWE.   11/30/2022   HJ 9925.G7 Pub 008434 11/30/2022 11/30/2022 MONOGRAPH